000 03114nam a2200181Ia 4500
999 _c8285
_d8285
005 20250301144738.0
008 230609s9999 xx 000 0 und d
040 _aUPAN
_cBiblioteca San Vicente
_eRCAA2
041 _aspa
082 _a348.023
_bC678l
_c2005
110 _aAsamblea Legislativa
245 0 _aLegislación laboral./
_bAsamblea Legislativa
260 _aEl Salvador;
_bCorte suprema de justicia,
_c2005
300 _a951 p.:
_c24 cm.
505 _a1. Código de trabajo 2. Ley de trabajo de las tripulaciones aéreas 3. Ley de organización y funciones del sector trabajo y previsión social 4. Ley del seguro social 5. Ley de servicio civil 6. Ley de asuetos, vacaciones y licencia de los empleados públicos 7. Ley sobre la compensación adicional en efectivo 8. Ley reguladora de la garantía de audiencia de los empleados públicos no comprendidos en la carrera administrativa 9. Ley del Instituto Nacional de Pensiones de los Empleados Públicos 10. Ley orgánica de la Superintendencia de Pensiones 11. Ley de incorporación al Instituto Nacional de Pensiones de los Empleados Públicos de las jubilaciones y pensiones civiles a cargo del Estado 12. Ley temporal de compensación económica por servicios prestados en el sector publico 13. Ley del sistema de ahorro para pensiones 14. Reglamento del Consejo Superior del Trabajo 15. Reglamento para la aplicación del regimen del seguro social 16. Reglamento de aplicación de los seguros de invalidez, vejes y muerte 17. Reglamento de evaluación de incapacidades por riesgo profesional 18. Reglamento para afiliación, inspección y estadística del Instituto Salvadoreño del Seguro Social 19. El reglamento para la aplicación del regimen del seguro social a los trabajadores independientes 20. Reglamento para la elección de representantes de los trabajadores y representantes patronales que integran el Consejo Directivo del Instituto Salvadoreño del Seguro Social 21. Reglamento de inversiones de las reservas técnicas del Instituto Salvadoreño del Seguro Social 22. Reglamento general sobre seguridad e higiene en los centros de trabajo 23. Reglamento de jubilaciones y pensiones civiles incorporadas al Instituto Nacional de Pensiones de los Empleados Públicos 24. Reglamento de coordinación de los regímenes de pensiones del Instituto Nacional de Pensiones de los Empleados Públicos y del Instituto Nacional Salvadoreño del Seguro Social 25. Reglamento para la elección de los miembros propietarios y suplentes de las comisiones de servicio civil, por los funcionarios y empleados protegidos por la Ley de servicio civil 26. Normas para la elección del representante de los patronos y el de los trabajadores en el comité de inversiones del Instituto Salvadoreño del Seguro Social 27. Decreto 362. En el que se establece que el Estado reconocerá el 100% del salario mensual hasta un máximo de tres meses, cuando la incapacidad sea emitida por el Instituto Salvadoreño del Seguro Social 28. Convención americana sobre derechos humanos
650 _2LEMB
_aDerecho del trabajo
942 _cBK
_2ddc